[Event "Skolernes Skakklub"]
[Site "Aarhus"]
[Date "1997.06.21"]
[Round "2"]
[White "Larsen, Bent"]
[Black "Hellers, Ferdinand"]
[Result "1/2-1/2"]
[WhiteElo "2520"]
[BlackElo "2585"]
[PlyCount "67"]
[EventDate "1997.06.20"]
[EventType "tourn"]
[EventRounds "9"]
[EventCountry "DEN"]
[EventCategory "14"]
[SourceTitle "CBM 060"]
[Source "ChessBase"]
[SourceDate "1997.09.29"]

1. g3 g6 2. Bg2 Bg7 3. e4 c5 4. d3 Nc6 5. f4 d6 6. Nf3 e5 7. O-O Nge7 8. Nc3
O-O 9. Be3 exf4 10. Bxf4 h6 11. Qd2 Kh7 12. Rae1 Be6 13. Qf2 b6 14. h4 a6 15.
e5 dxe5 16. Nxe5 Rc8 17. Kh2 Qd4 18. Nxc6 Nxc6 19. Be3 Qb4 20. Rb1 Ne5 21. Kh1
Ng4 22. Qd2 Nxe3 23. Qxe3 Qd4 24. Qf3 Rcd8 25. a3 b5 26. Ne2 Qd6 27. Nf4 Bc8
28. c4 Be5 29. Nd5 f5 30. Rbe1 Rde8 31. b4 Bb7 32. bxc5 Qxc5 33. h5 Qd6 34. c5
1/2-1/2

[Event "Skolernes Skakklub"]
[Site "Aarhus"]
[Date "1997.06.28"]
[Round "9"]
[White "Larsen, Bent"]
[Black "Stefansson, Hannes"]
[Result "1/2-1/2"]
[WhiteElo "2520"]
[BlackElo "2555"]
[PlyCount "35"]
[EventDate "1997.06.20"]
[EventType "tourn"]
[EventRounds "9"]
[EventCountry "DEN"]
[EventCategory "14"]
[SourceTitle "CBM 060"]
[Source "ChessBase"]
[SourceDate "1997.09.29"]

1. c4 e5 2. Nf3 Nc6 3. d3 g6 4. Nc3 Bg7 5. Bg5 f6 6. Bd2 f5 7. Qc1 d6 8. g3 Nf6
9. Bg2 O-O 10. O-O a5 11. Bh6 Be6 12. Bxg7 Kxg7 13. b3 Qe7 14. Qd2 Nd8 15. Rae1
Bd7 16. e3 Bc6 17. d4 Nf7 18. d5 1/2-1/2

[Event "Skolernes Skakklub"]
[Site "Aarhus"]
[Date "1997.06.26"]
[Round "7"]
[White "Nielsen, Peter Heine"]
[Black "Hellers, Ferdinand"]
[Result "0-1"]
[WhiteElo "2525"]
[BlackElo "2585"]
[Annotator "Nor,I"]
[PlyCount "90"]
[EventDate "1997.06.20"]
[EventType "tourn"]
[EventRounds "9"]
[EventCountry "DEN"]
[EventCategory "14"]
[SourceTitle "CBM 060"]
[Source "ChessBase"]
[SourceDate "1997.09.29"]

1. e4 {Gershon} c5 2. Nf3 d6 3. d4 cxd4 4. Nxd4 Nf6 5. Nc3 a6 6. Be2 e5 7. Nb3
Be7 8. O-O O-O 9. Be3 Be6 10. Qd2 (10. Nd5 $5) 10... Nbd7 11. a4 Rc8 12. a5 Qc7
13. Rfd1 Qc6 14. Bf3 (14. f3 $5 {/\ Rac1, Nd5} h6 (14... Rfd8 15. Nc1 Nf8 16.
Nd3 d5 $6 17. Bb6 $1 d4 $2 18. Nxe5 Qxb6 19. axb6 dxc3 20. Qe1 cxb2 21. Rab1
$18 {1-0 Stoinev,M-Gralka,J/Capelle la Grande op 1991 (40)}) 15. Rac1 Qc7 16.
Nd5 Bxd5 17. exd5 Nh7 $1 18. c4 Bg5 19. c5 $1 dxc5 20. d6 $44 {1-0 Jansa,
V-Lutz,C/Rimavska Sobota 1991}) 14... Rfe8 $5 (14... Bc4 $6 15. Qe1 h6 16. h3
Bd8 17. Rd2 Bxb3 18. cxb3 Nc5 19. Qd1 $1 Nfxe4 $6 20. Bxc5 Nxc3 21. Bxc6 Nxd1
22. Bxd6 Rxc6 $2 23. Bxf8 Bg5 24. Rdxd1 Kxf8 $18 {1-0 Gomez Baillo,J-Hoelzl,F/
Novi Sad olm ARG-OST 1990 (31)}) 15. Qe1 (15. h3 $5 Nf8 16. Kh2 Ng6 17. g3 Nd7
18. Nc1 f5 19. Nd3 fxe4 20. Nb4 Qc4 21. Nxe4 Nc5 22. Nxc5 dxc5 23. Nd5 Rcd8 24.
b3 Qb5 25. Qe1 Bd6 26. Bg5 $1 $18 {1-0 Jemelin-Kulaots/Bratislava jr, SW 1993 
(32)}) 15... Nc5 $5 $146 (15... Ra8 $6 16. Rd2 (16. Nc1 b6 $1 17. Nd3 bxa5 18.
Rxa5 {Kovalev-Moiseev, USSR 1986} Reb8 $10 {Kovalev}) 16... b5 17. axb6 Nxb6
18. Na5 Qc7 19. Na4 $1 Nxa4 20. Rxa4 Bd7 $1 21. Ra2 d5 22. exd5 e4 23. Be2 Bb4
24. Nc4 {Jansa-Sunye, Zenica 1986} Nxd5 25. c3 Nxe3 26. Nxe3 Bd6 27. g3 a5 28.
Qd1 Be6 29. Ra4 Bc5 30. Rxe4 $16 {1/2-1/2 Jansa,V-Sunye Neto,J/Zenica 1986 (52)
}) (15... h6 16. Nc1 Ra8 (16... Nc5 $143 17. N1a2 Bxa2 18. Rxa2 Ne6 19. Nd5 Ng5
20. Bxg5 hxg5 21. b3 Nxd5 22. Rxd5 Qc3 23. Qd1 g6 24. Be2 Kg7 25. Bc4 {+/-
Barbulescu,D-Georgescu,G/Romania (ch) 1985}) 17. Nd3 b5 (17... b6 $5) 18. Nb4
Qb7 19. Ncd5 $5 (19. b3 Rac8 20. Ncd5 Nxd5 21. exd5 Bf5 22. Rac1 Nc5 23. Nc6
Bf6 $13 {Zude,E-Hummel,D/BL2-W 1992/1-0 (55)}) 19... Bf8 20. b3 Nxd5 21. exd5
Bf5 22. Be2 Nc5 23. Ra3 Rab8 24. Nc6 Bxc2 25. Rd2 b4 26. Ra1 Bxb3 27. Nxb8 Rxb8
28. Bxc5 dxc5 29. Qf1 Ra8 30. d6 Qc6 $2 31. Qb1 $18 {1-0 Nunn,J-Sunye Neto,J/
Amsterdam OHRA 1985 (38)}) 16. Nxc5 dxc5 17. Nd5 Bxd5 $1 (17... Ng4 $143 $6 18.
Bxg4 Bxg4 19. f3 Be6 20. Qg3 $36) 18. exd5 Qc7 19. c4 Bd6 20. g3 e4 $36 {
Black starts his traditional game,but this doesn't mean that it will be easy.}
21. Be2 $2 (21. Bg2 $1) 21... Nd7 22. Rdc1 f5 $40 23. Rab1 (23. Qd2 Rf8 $1 $40)
23... f4 {[%csl Rg1]} 24. gxf4 Bxf4 25. b4 $2 {White is losing his mind.
Instead of trying to defend [25.B:f4 Q:f4 26.Rc3!],he starts "attacking" on
the queen flank.Does he want to exchange his king for the "c5" pawn?! Or,maybe,
he missed 27...Ne5!} (25. Bxf4 $8 Qxf4 26. Rc3 $1 e3 $140 $6 27. fxe3 Rxe3 28.
Rxe3 Qxe3+ 29. Qf2 {With good chances to defend.For example:} Qe4 30. Re1 Rf8
31. Bf1 Qg4+ 32. Qg2 Qd4+ 33. Kh1 Rf2 34. Qg1 $13) 25... Bxh2+ 26. Kh1 Bd6 27.
Bg4 Ne5 $1 28. Qe2 $8 (28. Bxc8 $2 Qxc8 29. Qf1 Nf3 $19 {/\ Re5}) (28. Be6+ $2
Rxe6 29. dxe6 Nd3 30. Qd2 Nxc1 31. Rxc1 Qe7 $19) 28... Nxg4 29. Qxg4 Qf7 $17 {
White is in a better position even without the extra pawn.} 30. b5 $5 (30. bxc5
Bxc5 {With no hope.}) 30... Rb8 $6 (30... axb5 $5 31. Rxb5 Rc7 $17) 31. bxa6 $6
(31. Rg1 $142) 31... bxa6 32. Rxb8 Rxb8 33. Qxe4 Qh5+ 34. Kg2 Re8 35. Qf3 $8 (
35. Qd3 Qg4+ 36. Kf1 Qh3+ 37. Ke2 Bf4 {And white has no defense.}) 35... Qg6+
36. Kf1 $8 (36. Kh1 $2 Re5 37. Qg2 Rh5+ 38. Kg1 Bh2+ 39. Kf1 Qd3+ 40. Ke1 Bc7
$1 $19) 36... Rf8 37. Qd1 (37. Qh3 $142 Qd3+ 38. Kg2 Qe4+ 39. Kf1 Re8) 37...
Qe4 $1 $19 38. Ke2 Be5 39. Qh1 Qg4+ 40. Kd3 Rb8 $1 41. Rc2 Rb3+ 42. Kd2 Qf5 $1
43. d6 Qd3+ 44. Kc1 Bb2+ 45. Kb1 Bd4+ 0-1

[Event "Skolernes Skakklub"]
[Site "Aarhus"]
[Date "1997.06.24"]
[Round "5"]
[White "Nielsen, Peter Heine"]
[Black "Stefansson, Hannes"]
[Result "1-0"]
[WhiteElo "2525"]
[BlackElo "2555"]
[Annotator "Tisdall"]
[PlyCount "31"]
[EventDate "1997.06.20"]
[EventType "tourn"]
[EventRounds "9"]
[EventCountry "DEN"]
[EventCategory "14"]
[SourceTitle "CBM 060"]
[Source "ChessBase"]
[SourceDate "1997.09.29"]

1. d4 Nf6 2. c4 e6 3. Nc3 Bb4 4. Nf3 c5 5. g3 cxd4 6. Nxd4 O-O 7. Bg2 d5 8.
cxd5 Nxd5 9. Qb3 Nc6 10. Nxc6 bxc6 11. O-O Qb6 $6 {A waste of time and an
indication that black was having an off day. More normal continuations:} (11...
Qa5 12. Bd2 (12. Ne4 Ba6 13. Qc2 Be7 14. Bd2 Qb5 15. Rfc1 Rab8 16. Qxc6 Qxc6
17. Rxc6 Bxe2 18. Nc3 Rxb2 19. Bc1 Bb5 20. Nxd5 exd5 21. Bxb2 Bxc6 22. Rc1 $10
{Sulava,N-Grosar,A/JUG-ch (03)/ 1991}) 12... Bxc3 13. bxc3 Ba6 14. Rfd1 Rab8
15. c4 Qc5 16. cxd5 Rxb3 17. axb3 Bxe2 18. Re1 cxd5 19. Rxe2 {Nielsen-Savon,
Pardubice Op 1995, 1-0, 43.}) (11... Rb8 12. a3 $5 (12. e4 Nxc3 13. bxc3 Bd6
14. Qa4 Qc7 15. Be3 c5 16. Rfd1 Bd7 $10 {Zvjaginsev,V-Romanov,O/URS-chJ
Alma-Ata/ 1991}) (12. Na4 Ba6 13. Qc2 Bd6 14. a3 (14. Rd1 $5 Nb4 15. Qe4 $1 Nd5
16. Bd2 Qc7 17. Rac1 $14 {Dautov}) 14... Qe7 15. Re1 Bb5 16. e4 Nb6 $10 {
1/2-1/2 Zvjaginsev,V-Bareev,E/RUS-ch Elista 1995 (25)}) 12... Nxc3 13. bxc3 Bd6
14. Qa4 Qc7 15. Qxc6 Qxc6 16. Bxc6 Ba6 17. Bf3 Rb3 18. Rd1 Bc5 19. Be3 Bxe3 20.
fxe3 Rxc3 21. Rd7 $16 {1-0 Atalik,S-Ulibin,M/Beijing Lee Cup 1996 (36)}) (11...
a5 $5 12. Rd1 Qe7 13. Bd2 Ba6 14. Bf3 Rfd8 15. a3 Bxc3 16. Bxc3 a4 17. Qc2 Bb5
18. Bd4 e5 19. Bc5 Qe6 20. Rd2 Rd7 21. Rad1 Rad8 22. Be4 {1/2-1/2 Segal,
Al-Miralles,G/Dubai olm (04)/1986/}) 12. Na4 Qb5 $6 13. a3 Ba5 (13... Be7 14.
Qxb5 cxb5 15. Bxd5 exd5 16. Nc3 Bb7 17. Nxb5 $16 (17. Rd1 $16)) 14. Qc2 Bb6 $4
15. Be4 $18 Ba6 16. Bd3 $1 (16. Bxh7+ $6 Kh8 17. Bd3 Qa5 {is only "slightly
winning" for white.}) (16. Bd3 Qa5 17. Bxh7+ Kh8 18. Bd2 Qb5 19. Bd3) 1-0

[Event "Skolernes Skakklub"]
[Site "Aarhus"]
[Date "1997.06.25"]
[Round "6"]
[White "Rozentalis, Eduardas"]
[Black "Nielsen, Peter Heine"]
[Result "1-0"]
[WhiteElo "2650"]
[BlackElo "2525"]
[Annotator "Blatny,P"]
[PlyCount "51"]
[EventDate "1997.06.20"]
[EventType "tourn"]
[EventRounds "9"]
[EventCountry "DEN"]
[EventCategory "14"]
[SourceTitle "CBM 060"]
[Source "ChessBase"]
[SourceDate "1997.09.29"]

1. e4 e5 2. Nf3 Nf6 3. d4 Nxe4 4. Bd3 d5 5. Nxe5 Nd7 6. Qe2 Nxe5 7. Bxe4 dxe4
8. Qxe4 Be6 9. Qxe5 (9. dxe5 $6 Bd5 10. Qg4 h5 11. Qh3 Be6 $5 12. Qe3 h4 $6 13.
Nc3 h3 14. g3 Bb4 15. Bd2 Bxc3 16. Bxc3 Qd5 17. f3 O-O-O 18. Kf2 $14 {1-0
Tiviakov,S-Barua,D/Calcutta op 1994 (41)}) 9... Qd7 10. Be3 (10. Nc3 Bb4 11.
O-O O-O-O 12. Be3 f6 13. Qg3 Bxc3 14. bxc3 h5 15. h4 g5 16. hxg5 h4 $132 {
1-0 Nun,J-Finegold,B/Bohemians A 1990 (35)}) 10... Bb4+ (10... O-O-O 11. Qa5
Qc6 (11... a6 12. Nc3 f5 13. d5 Bf7 14. O-O-O Bd6 15. b4 Qe7 16. a3 Rhe8 17.
Bd4 Be5 $13 {1-0 Barcenilla,R-Barua,D/Cebu 1992 (27)}) 12. Nc3 b6 13. Qa6+ Kb8
14. Nb5 Bc4 15. a4 Bb4+ 16. c3 Bd6 17. Qxa7+ $16 {Hort,V-Short,N/1BL1986/}) 11.
c3 (11. Nd2 $2 O-O-O 12. c3 f6 13. Qg3 Bd6 14. Qf3 Rhe8 15. h3 f5 $17 {
Unzicker,W-Eng,H/1BL/1984/}) 11... Bd6 12. Qh5 (12. Qe4 $146 O-O 13. Qd3 Qc6
14. Nd2 Qxg2 15. O-O-O Qh3 16. d5 Bf5 17. Qf1 Qg4 18. c4 Rfe8 19. h3 Qh4 20. c5
Be5 21. Qc4 Qf6 22. Qb3 b6 23. Nc4 bxc5 24. f4 $2 (24. Nxe5 $8) 24... Bxb2+ $1
{0-1 Hess,J-Oskulski,J/corr 1996 (33)}) (12. Qa5 Qc6 13. f3 Bd5 14. Nd2 O-O 15.
O-O Rfe8 16. Rfe1 b6 17. Qa6 Bxh2+ $1 18. Kxh2 Rxe3 19. Rxe3 (19. Kg1 Qe6 20.
Qf1 Re8 21. Rxe3 Qxe3+ $11 {1/2-1/2 Barcenilla,R-Ye Rongguang/Beijing 1992 (42)
}) 19... Qh6+ 20. Kg3 Qxe3 $17 {Fedorov-Raetski/corr/1983/84/}) (12. Qxg7 O-O-O
13. Nd2 Qc6 14. O-O-O Bf5 15. Nb3 Qe4 16. Kd2 Qc2+ 17. Ke1 Qxb2 $36) (12. Qg5
f6 13. Qh5+ Bf7 14. Qf3 O-O-O 15. Nd2 Qb5 16. a4 Qd3 $44 {Lanc-Haba/Prague/
1989/}) 12... O-O-O 13. O-O (13. Qa5 a6 (13... Kb8 $4 14. d5 b6 15. dxe6 Qxe6
16. Qh5 $18) 14. O-O {/\b4-b5 /\b4-b5->}) 13... f5 14. f4 {[%csl Gc5,Rc6,Gd4,
Rd5,Ge3,Re4,Ge5,Gf2,Rf3,Gf4,Rf5,Rg4,Gg5]} (14. f3 Bf7 15. Qh4 h6 16. Re1 g5 $36
) 14... Qb5 (14... g6 15. Qh4 Bd5 16. Nd2 $14) 15. Nd2 (15. b3 $142) 15... Qxb2
16. c4 Qc3 17. Qf3 Rhe8 18. Rab1 Bxc4 $6 (18... c6 19. Rb3 Qa5 20. Rfb1 Re7 $13
) 19. Nxc4 Qxc4 20. Qxb7+ Kd7 21. Rfc1 Qxa2 22. Ra1 Qe2 (22... Qe6 $142 23.
Qc6+ Ke7 24. Bf2 Kf7 25. g3 Qd7 $14) 23. Bf2 (23. Qc6+ Ke7 24. Re1 Qd3 $11)
23... Re4 $6 (23... Qg4 $5 24. Qd5 Ke7 25. Re1+ Kf8 $11) (23... Bxf4 24. Qc6+
Ke7 25. Re1 $18) 24. Qd5 $1 $16 Ke8 25. Qg8+ Bf8 (25... Kd7 26. Qf7+ Re7 27.
Qxf5+ Ke8 28. Qxh7 $18) 26. Rxc7 1-0

[Event "Skolernes Skakklub"]
[Site "Aarhus"]
[Date "1997.06.22"]
[Round "3"]
[White "Rozentalis, Eduardas"]
[Black "Kengis, Edvins"]
[Result "1/2-1/2"]
[WhiteElo "2650"]
[BlackElo "2585"]
[PlyCount "33"]
[EventDate "1997.06.20"]
[EventType "tourn"]
[EventRounds "9"]
[EventCountry "DEN"]
[EventCategory "14"]
[SourceTitle "CBM 060"]
[Source "ChessBase"]
[SourceDate "1997.09.29"]

1. d4 Nf6 2. Nf3 e6 3. Bg5 c5 4. e3 Be7 5. Nbd2 b6 6. Bd3 Bb7 7. O-O O-O 8. c3
cxd4 9. cxd4 Nc6 10. a3 Nd5 11. Bxe7 Qxe7 12. Qe2 Rac8 13. Rac1 d6 14. Rfd1 Rc7
15. Nb3 Rfc8 16. Qd2 Nb8 17. Rxc7 1/2-1/2

[Event "Skolernes Skakklub"]
[Site "Aarhus"]
[Date "1997.06.20"]
[Round "1"]
[White "Rozentalis, Eduardas"]
[Black "Larsen, Bent"]
[Result "1-0"]
[WhiteElo "2650"]
[BlackElo "2520"]
[Annotator "Liss,E"]
[PlyCount "45"]
[EventDate "1997.06.20"]
[EventType "tourn"]
[EventRounds "9"]
[EventCountry "DEN"]
[EventCategory "14"]
[SourceTitle "CBM 060"]
[Source "ChessBase"]
[SourceDate "1997.09.29"]

1. e4 {Horvath,T} c5 2. Nf3 Nc6 3. Bb5 e6 4. O-O Nge7 5. b3 d6 {Horvath: Die
Damenzüge verlieren Zeit, und oft auch die Partie.} (5... Qc7 $6 {Horvath,T})
(5... Qb6 $6 {Horvath,T}) 6. Bb2 e5 (6... a6 7. Bxc6+ bxc6 $6 8. e5 d5 9. d3
Ng6 10. Nc3 Be7 11. Na4 O-O 12. c4 $14 {Rublevsky-Tregubov, Novogrod op. 1995})
7. c3 a6 8. Be2 Ng6 9. d4 Be7 10. Na3 O-O (10... b5 11. Nc2 O-O 12. Ne3 {
Transposes to the game} (12. a4 b4 13. dxc5 bxc3 (13... dxc5 14. cxb4 cxb4 15.
Ne3 $14) 14. cxd6 cxb2 15. dxe7 Qxe7 16. Rb1 Rd8 17. Qe1 Nf4 18. Rxb2 Bg4 {
with some compensation for the pawn})) 11. Nc4 b5 12. Ne3 Rb8 (12... Nf4 13.
Nd5 Nxe2+ 14. Qxe2 $14) (12... Nf4 $142 {Horvath,T}) 13. Nd5 Kh8 14. a4 b4 $6 (
14... Be6 {Horvath,T} 15. axb5 axb5 16. Ra6 Qd7 $14) 15. dxc5 bxc3 (15... dxc5
16. cxb4 cxb4 17. Qc1 $1 (17. Qc2 {Horvath,T} Bb7 18. Rfd1 $16) 17... Bb7 18.
Rd1 Rc8 19. Qe3 $14) 16. Nxe7 (16. Bxc3 dxc5 17. Nxe7 Qxe7 $132) 16... Qxe7 (
16... cxb2 17. Nxc6 bxa1=Q 18. Qxa1 Qc7 19. Nxb8 Qxb8 20. cxd6 $16) (16...
Ncxe7 17. Bxc3 dxc5 18. Nxe5 $16 Qxd1 19. Bxd1 Be6 20. Rb1 $16) (16... Ngxe7
17. Bxc3 dxc5 18. Nxe5 Qxd1 19. Bxd1 Be6 20. Rb1 $16) 17. cxd6 Qe6 18. Bxc3
Rxb3 $2 {a terrible oversight by black, missing white's next move.Black
probably counted on this when playing 14...b4} (18... Qxb3 19. Qxb3 Rxb3 20.
Rac1 $16) 19. Ng5 $18 {Game over} Qf6 20. Qxb3 Qxg5 21. Kh1 Nf4 22. Bf3 Bg4 23.
Qd1 1-0

[Event "Skolernes Skakklub"]
[Site "Aarhus"]
[Date "1997.06.28"]
[Round "9"]
[White "Schandorff, Lars"]
[Black "Adams, Michael"]
[Result "1/2-1/2"]
[WhiteElo "2510"]
[BlackElo "2665"]
[PlyCount "44"]
[EventDate "1997.06.20"]
[EventType "tourn"]
[EventRounds "9"]
[EventCountry "DEN"]
[EventCategory "14"]
[SourceTitle "CBM 060"]
[Source "ChessBase"]
[SourceDate "1997.09.29"]

1. d4 Nf6 2. c4 e6 3. Nc3 Bb4 4. Qc2 O-O 5. a3 Bxc3+ 6. Qxc3 b6 7. Bg5 h6 8.
Bh4 c5 9. dxc5 bxc5 10. e3 d6 11. Bd3 Nbd7 12. Ne2 Rb8 13. Bg3 Qb6 14. O-O Nh5
15. Rab1 Nxg3 16. Nxg3 Qb3 17. Qxb3 Rxb3 18. Rfd1 f5 19. Bf1 Rb6 20. b4 Kf7 21.
Ne2 Ke7 22. Nc3 cxb4 1/2-1/2

[Event "Skolernes Skakklub"]
[Site "Aarhus"]
[Date "1997.06.26"]
[Round "7"]
[White "Schandorff, Lars"]
[Black "Rozentalis, Eduardas"]
[Result "0-1"]
[WhiteElo "2510"]
[BlackElo "2650"]
[Annotator "Tsesarsky"]
[PlyCount "63"]
[EventDate "1997.06.20"]
[EventType "tourn"]
[EventRounds "9"]
[EventCountry "DEN"]
[EventCategory "14"]
[SourceTitle "CBM 060"]
[Source "ChessBase"]
[SourceDate "1997.09.29"]

1. d4 Nf6 2. c4 e6 3. Nc3 Bb4 4. Qc2 O-O 5. a3 Bxc3+ 6. Qxc3 b6 7. Bg5 Ba6 8.
Nf3 (8. e3 d5 9. Nf3 Nbd7 10. cxd5 Bxf1 11. Rxf1 exd5 12. Ne5 $1 $14 {[%emt 0:
00:18] Bareev-Farago,I/Roma/1990/ ->CBM}) 8... d6 (8... c5 9. dxc5 bxc5 10. e3
Nc6 $6 (10... d6 11. Rd1 Qe7 12. Be2 Nbd7 $132) 11. Bd3 Qa5 12. Bxf6 gxf6 13.
b4 $1 cxb4 14. Qxf6 bxa3+ $2 (14... b3+ $5 15. Ke2 Qc5 16. Rhc1 $132) 15. Ke2
Qc5 (15... Qb4 16. Rhb1) 16. Rhc1 Qe7 17. Qxe7 Nxe7 18. Rxa3 $16 {1-0 Hansen,
L-Farago/Tastrup/SW,13,13 1990 (30)}) 9. e3 (9. e4 $5 Nxe4 (9... h6 10. Bxf6
Qxf6 11. Bd3 $5) 10. Bxd8 Nxc3 11. Bxc7 Ne4 12. Nd2 (12. Bd3 $2 d5) 12... Nxd2
(12... Rc8 13. Nxe4 Rxc7 14. Nxd6 Rc6 $1 15. c5 bxc5 16. dxc5 Rxc5 17. Bxa6
Nxa6 18. O-O $1 $14) 13. Kxd2 Nc6 (13... Rc8 $2 14. Bxd6 Bxc4 15. Rc1 Ba6 16.
Be2 $1 $16) 14. Kc3 (14. Bxd6 Rfd8 15. c5 Bxf1 16. Rhxf1 Nxd4 $17) 14... d5 (
14... Rac8 15. Bxd6 Rfd8 16. c5 $16) 15. c5 $6 (15. cxd5 Bxf1 16. Rhxf1 exd5
17. Kd3 Rac8 18. Bf4 $10) 15... Bxf1 16. Rhxf1 $11 {= Pelletier,Y-Tukmakov,V/
Neuchatel 1995 (17)}) 9... Nbd7 10. Bd3 (10. Nd2 h6 11. Bh4 c5 12. dxc5 dxc5 (
12... bxc5 13. Bd3 Bb7 14. O-O a5 15. Rad1 (15. Qc2 $14) 15... Nd5 $5 16. Qxg7+
$2 (16. cxd5 Qxh4 17. dxe6 fxe6 18. Bc4 Qg4 (18... d5 19. Bb5 Qe7 20. Bxd7 Qxd7
21. Qxc5 $16) 19. f3 Qg6 20. Qb3 $16) 16... Kxg7 17. Bxd8 Nxe3 18. Be7 Rfe8 19.
fxe3 Rxe7 20. Be4 Ne5 21. Bxb7 Rxb7 22. Ne4 Nxc4 $17 {0-1 Ostenstad,B-Har Zvi,
R/Eikram mem op, Gausdal NOR 1996 (40)}) 13. f3 Bb7 14. g4 Qc7 15. Bg3 e5 16.
Rg1 Bc6 17. O-O-O Rfe8 18. h4 $16 {1-0 Hillarp Persson,T-Rozentalis,E/Open,
Koge DEN 1997 (32)}) (10. b4 c5 11. dxc5 bxc5 12. Bd3 Qc7 13. O-O Bb7 14. Nd2
d5 15. Bf4 e5 16. Bg3 d4 17. exd4 exd4 18. Qc2 Qc6 19. f3 a5 20. b5 Qb6 21.
Rfe1 $14 {1/2-1/2 Alterman,B-Har Zvi,R/Tel-Aviv Cup 1996 (25)}) 10... c5 11.
O-O Rc8 (11... h6 12. Bh4 cxd4 (12... Rc8 $5 {/\ 13...cd4 14.ed4 b5} 13. d5 $5
exd5 14. cxd5 Bxd3 15. Qxd3 $14) 13. exd4 Rc8 14. b3 $6 (14. Qb4 $1 e5 15. Nd2
exd4 16. Qxd6 Nc5 17. Qxd8 Rcxd8 18. Bf5 $14) 14... b5 $1 $10 {1-0 Sokolov,
I-Kortchnoi,V/Antwerpen 1995 (42)}) 12. d5 exd5 13. cxd5 Bxd3 14. Qxd3 $14 Qe7
15. Rfd1 (15. Rad1 c4 (15... Qe4 16. Qb3 (16. Bf4 Qxd3 17. Rxd3 Ne4 18. Nd2 c4
19. Rd4 Nxd2 20. Rxd2 Nf6 21. Rc1 Rfd8 22. f3 $14) 16... Rfe8 17. Bf4 c4 18.
Qa4 Nc5 19. Qxa7 Nd3 20. Qxb6 Nxd5 21. Qxd6 Rcd8 22. Qa6 (22. Nd2 Qf5 23. Qc6
Nxb2 24. Rb1 c3 25. Nf3 Rc8 $11) 22... Ra8 23. Qb5 (23. Qd6 Red8 24. Nd2 (24.
Qc6 N5xf4 $3 25. Qxe4 Ne2+ 26. Kh1 Nxf2+ 27. Rxf2 Rxd1+ $19) 24... Qe8 $19)
23... N5xf4 24. exf4 Reb8 25. Nd2 (25. Qh5 Qxf4 $11) (25. Qd7 Qxf4 26. Rd2 h6
27. Qd5 Ra6 (27... Rd8 $11) 28. g3 $14 {0-1 Bacrot Etienne-Korchnoi Viktor/
Match (team), Cannes (France) 1996 (50)}) 25... Rxb5 (25... Qxg2+ 26. Kxg2 Rxb5
27. Nxc4 Rb3 28. Rd2 Nxf4+ 29. Kg1 Kf8 30. Re1 $16) 26. Nxe4 Rxb2 27. Nd6 Nxf4
28. Nxc4 Rc2 29. Nb6 Rb8 30. Rfe1 Ra2 31. Nc4 Rc2 32. Ne3 $14) 16. Qd4 Rc5 17.
Nd2 h6 18. Bxf6 Nxf6 19. Nxc4 Rfc8 20. b3 b5 21. Nb2 Rxd5 22. Qb4 Rc2 23. Nd3
Qe4 $132) 15... c4 16. Qc2 (16. Qd4 h6 17. Bh4 Rc5 18. Rac1 b5 $132) 16... Rc5
17. Rd4 Rfc8 18. Rad1 $6 (18. e4 $5 c3 (18... b5 19. Nh4 g6 (19... Qe5 20. Nf5
$18) (19... h6 20. Nf5 Qf8 21. Bd2 $14) 20. f4 $14) (18... h6 19. Bd2 Ne5 20.
Nh4 Nd3 21. Nf5 Qe5 22. f3 Nd7 (22... Nxd5 $2 23. Rxd5 $1 (23. Nxh6+ gxh6 24.
Rxd5 Rxd5 25. exd5 Qd4+ $19) 23... Rxd5 24. Bc3 $18) 23. Bc3 $14) 19. b3 h6 20.
Bf4 Re8 21. Re1 Ne5 22. Bxe5 dxe5 23. Rc4 (23. Rd3 Rec8 24. g3 b5 25. Nh4 a5
26. Nf5 Qd7 27. b4 axb4 28. axb4 Rc4 29. f3 $14 Qa7+ (29... Rxb4 30. Rxc3 Qa7+
31. Kg2 Rxc3 32. Qxc3 Qa2+ 33. Kh3 Rb2 34. Rh1 Qb3 35. Qc8+ Kh7 36. Qf8 Nh5 37.
Nh4 (37. Ne7 Nf4+ 38. Kg4 (38. gxf4 Qxf3+ 39. Kh4 Qxf4+ 40. Kh3 Qf3+ 41. Kh4
g5#) 38... h5+ 39. Kf5 Ng6 40. Qg8+ Kh6 41. Nxg6 fxg6+ 42. Kxe5 Qc3+ 43. Kd6
$14) 37... Rb1 (37... Qe3 38. Qxf7 Qg5 39. Qf5+ (39. Ra1 Rxh2+ 40. Kxh2 Qxg3+
41. Kh1 Qxh4+ 42. Kg1 Qg3+ 43. Kf1 Nf6 $44) 39... Qxf5+ 40. Nxf5 $16) 38. Rxb1
Qxb1 39. Qxf7 Qf1+ 40. Kg4 $18) 30. Kg2 $14) 23... Rxc4 24. bxc4 Qxa3 $15)
18... h6 19. Bh4 (19. Bxf6 Nxf6 20. e4 $11 (20. Nh4 g6) 20... c3 21. b3 $132)
19... b5 20. b4 $2 (20. e4 $1 a5 21. Nd2 Ne5 (21... Qe5 22. Nf3 Qe7 23. Nd2 $11
) 22. Bg3 Nh5 23. Nf1 b4 24. axb4 axb4 25. Bxe5 dxe5 26. d6 Qd7 27. Rd5 Rxd5
28. Rxd5 Nf4 29. Rd2 Nd3 30. Ne3 b3 31. Qc3 Qxd6 32. Nxc4 Qe6 (32... Qd4 $2 33.
Rxd3 Qxc4 34. Rd8+ Rxd8 (34... Kh7 35. Rxc8) 35. Qxc4 Rd1+ 36. Qf1 Rxf1+ 37.
Kxf1 $18) 33. Qxd3 Qxc4 34. Qd7 Qc1+ 35. Rd1 Rc2 36. g3 Qxb2 37. Qe8+ Kh7 38.
Qxf7 Rc1 39. Qf5+ $11) 20... cxb3 $17 {[%csl Rh4]} 21. Qxb3 g5 22. Bg3 Ne4 23.
Nd2 (23. Qd3 Ndf6 $17 {[%csl Rg3]}) 23... Ndf6 24. Nxe4 Nxe4 {[%csl Rg3]} 25.
Qd3 (25. Qb4 f5 $17) 25... Rc4 26. Rxc4 (26. a4 $5 Rxa4 (26... Rxd4 27. Qxd4
Rc4 28. Qd3 Qd7 (28... Nc5 29. Qb1 b4 30. Rd4 Rxd4 31. exd4 Nxa4 32. Qxb4 Qc7
33. h4 Nc3 34. Bxd6 Nxd5 35. Bxc7 Nxb4 36. hxg5 hxg5 $11) 29. axb5 Qxb5 $17)
27. Qxb5 Rxd4 28. exd4 Nc3 29. Qa6 Re8 30. Rf1 Ne2+ 31. Kh1 Nxg3+ 32. fxg3 Qe2
33. Qa1 (33. Qxe2 Rxe2 34. h3 Rd2 35. Ra1 Rxd4 36. Rxa7 Rxd5 $17) 33... a5 $17)
26... bxc4 (26... Rxc4 27. a4 $17) 27. Qc2 c3 28. Rd4 $2 (28. Rb1 Rc5 (28...
Nd2 29. Rb4) 29. Qb3 c2 (29... Nd2 30. Qb8+ Kh7 31. Rc1 (31. Bxd6 Nxb1 32. Bxe7
c2 $19) 31... Ne4 32. Qb1 f5 $17) 30. Rc1 Nxg3 31. hxg3 Qc7 $15 (31... Qe4 32.
f3 $11)) 28... Qb7 $1 $19 29. h4 (29. Rb4 Qxd5 30. Rd4 (30. Rxe4 Qd2 $19) 30...
Qf5 31. Rxe4 Qxe4 32. Qxe4 c2 $19) (29. Rxe4 Qb2 $19) 29... Qb2 30. Qxe4 c2 31.
Bxd6 (31. Qg4 c1=Q+ 32. Kh2 Qbb1 $19) 31... c1=Q+ 32. Kh2 0-1

[Event "Skolernes Skakklub"]
[Site "Aarhus"]
[Date "1997.06.24"]
[Round "5"]
[White "Schandorff, Lars"]
[Black "Larsen, Bent"]
[Result "1/2-1/2"]
[WhiteElo "2510"]
[BlackElo "2520"]
[PlyCount "58"]
[EventDate "1997.06.20"]
[EventType "tourn"]
[EventRounds "9"]
[EventCountry "DEN"]
[EventCategory "14"]
[SourceTitle "CBM 060"]
[Source "ChessBase"]
[SourceDate "1997.09.29"]

1. d4 e6 2. c4 f5 3. g3 Nf6 4. Bg2 Bb4+ 5. Bd2 Qe7 6. Nc3 O-O 7. Nf3 Bxc3 8.
Bxc3 Ne4 9. Rc1 d6 10. O-O Nd7 11. Qb3 Ndf6 12. Rfd1 b6 13. Nd2 Bb7 14. Nxe4
Bxe4 15. f3 Bb7 16. Qc2 Rae8 17. e4 fxe4 18. fxe4 e5 19. d5 Bc8 20. Rf1 Ng4 21.
Qe2 Qg5 22. Bd2 Qg6 23. b4 Ba6 24. a4 h5 25. h3 Nf6 26. Kh2 Rf7 27. Qe3 Ref8
28. Qg5 Qh7 29. Qh4 Qg6 1/2-1/2